Business Communication ; (Record no. 211058)

MARC details
000 -LEADER
fixed length control field 00657nam a22001937a 4500
005 - DATE AND TIME OF LATEST TRANSACTION
control field 20250423113614.0
010 ## - LCCN (DPL NO)
LC control number ENG-144680
020 ## - INTERNATIONAL STANDARD BOOK NUMBER
Terms of availability 300.00
International Standard Book Number 9789384819200
035 ## - SYSTEM CONTROL NUMBER
System control number EN-128212
037 ## - SOURCE OF ACQUISITION
Source of stock number/acquisition DBAD
082 ## - DEWEY DECIMAL CLASSIFICATION NUMBER
Classification number 651.74
100 ## - MAIN ENTRY--PERSONAL NAME
Personal name Barua,Pratim
245 ## - TITLE STATEMENT
Title Business Communication ;
Remainder of title Principles and Practices/
Statement of responsibility, etc Pratim Barua
Medium English
250 ## - EDITION STATEMENT
Edition statement 1
260 ## - PUBLICATION, DISTRIBUTION, ETC. (IMPRINT)
Place of publication, distribution, etc Guwahati
Name of publisher, distributor, etc Publication Division, Dibrugarh University
Date of publication, distribution, etc 2022
270 ## - ADDRESS
City Guwahati
Address The Registrar, Dibrugarh Univesity,Dibrugarh
Postal code 786004
Telephone number 9760215691
Electronic mail address dupupdib@dibru.ac.in
300 ## - PHYSICAL DESCRIPTION
Extent viii,212p
Dimensions 22cm(pbk)
942 ## - ADDED ENTRY ELEMENTS (KOHA)
Source of classification or shelving scheme Dewey Decimal Classification
Item type English Books
Classification part 651.74
Call number suffix BAR
Edition 1
Holdings
Withdrawn status Lost status Not for loan Collection code Home library Current library Date acquired Source of acquisition Cost, normal purchase price Full call number Barcode Copy number Cost, replacement price Koha item type
      Non-fiction Patel Nagar Patel Nagar 23/04/2025 DBAD 300.00 651.74 BAR EN-128212 1 300.00 English Books

© Delhi Public Library
Hit Counter
free hit counter